| 000 | 00985cam a22002774a 4500 | ||
|---|---|---|---|
| 003 | CBULib | ||
| 005 | 20250915071800.0 | ||
| 008 | 100726s2011 enkb b 001 0 eng | ||
| 020 | _a9781107004191 | ||
| 020 | _a1107004195 | ||
| 040 |
_aDLC _cDLC _dYDX _dYDXCP _dBWX _dUKM _dCDX _dIUL _dDLC _bEnglish _erda |
||
| 050 | 0 | 0 | _aDT 516.826 Pet |
| 100 | 1 |
_aPeters, Krijn _94199 |
|
| 245 | 1 | 0 |
_aWar and the crisis of youth in Sierra Leone _c/ by Krijn Peters. |
| 260 |
_aNew York : _bCambridge University Press, _c2011. |
||
| 300 |
_axv, 274 pages : _bmap |
||
| 336 |
_2rdacontent _aText | _btxt |
||
| 337 |
_2rdamedia _aUnmediated | _bn |
||
| 338 |
_2rdacarrier _aVolume _bnc |
||
| 490 |
_aThe international African library ; _v41 |
||
| 504 | _aIncludes bibliographical references (p. 261-268) and index. | ||
| 650 | 0 |
_aCHILDREN AND WAR _zSIERRA LEONE _94201 |
|
| 650 | 0 |
_aYOUTH _zSIERRA LEONE _xSOCIAL CONDITIONS _94202 |
|
| 650 | 0 |
_aRURAL DEVELOPMENT _zSIERRA LEONE _94203 |
|
| 942 |
_2lcc _c002 |
||
| 999 |
_c86071 _d86071 |
||